Current Events - U.S. | 0 | 0 | 0 | 0 | 0 | | | 0 | 0 |
Current Events - World | 0 | 1 | 0 | 0 | 10 | 66 | 66.00 | 0 | 0 |
Fine Arts - Architecture | 1 | 0 | 0 | 0 | 15 | 76 | 76.00 | 0 | 0 |
Fine Arts - Jazz | 0 | 0 | 0 | 0 | 0 | | | 0 | 0 |
Fine Arts - Miscellaneous | 0 | 1 | 0 | 0 | 10 | 135 | 135.00 | 0 | 0 |
Fine Arts - Music | 7 | 5 | 0 | 0 | 155 | 38 | 71.00 | 1 | 5 |
Fine Arts - Opera | 0 | 0 | 0 | 0 | 0 | | | 0 | 0 |
Fine Arts - Painting | 1 | 2 | 0 | 0 | 35 | 59 | 70.67 | 0 | 1 |
Fine Arts - Photography | 0 | 1 | 0 | 0 | 10 | 103 | 103.00 | 0 | 0 |
Fine Arts - Sculpture | 0 | 1 | 0 | 0 | 10 | 86 | 86.00 | 0 | 0 |
Geography - United States | 0 | 1 | 0 | 0 | 10 | 123 | 123.00 | 0 | 0 |
History - American | 1 | 5 | 0 | 0 | 65 | 16 | 78.67 | 0 | 0 |
History - Cross, Historiography, and Miscellaneous | 1 | 6 | 0 | 0 | 75 | 47 | 92.57 | 0 | 0 |
History - European | 1 | 3 | 0 | 0 | 45 | 55 | 79.50 | 0 | 0 |
History - World | 0 | 7 | 0 | 0 | 70 | 70 | 93.71 | 0 | 0 |
Literature - American | 1 | 2 | 0 | 0 | 35 | 36 | 104.00 | 1 | 1 |
Literature - British | 0 | 2 | 0 | 0 | 20 | 115 | 127.50 | 0 | 0 |
Literature - European | 0 | 2 | 0 | 0 | 20 | 74 | 101.50 | 0 | 0 |
Literature - World and Miscellaneous | 0 | 2 | 0 | 0 | 20 | 110 | 114.00 | 0 | 1 |
Other - Other Academic and General Knowledge | 0 | 2 | 0 | 0 | 20 | 71 | 87.50 | 1 | 1 |
RMP - Buddhism | 0 | 0 | 0 | 0 | 0 | | | 0 | 0 |
RMP - Christian Practice | 0 | 1 | 0 | 0 | 10 | 102 | 102.00 | 0 | 0 |
RMP - East Asian Religion | 1 | 1 | 0 | 0 | 25 | 35 | 84.50 | 0 | 1 |
RMP - Greco-Roman Mythology | 1 | 2 | 0 | 0 | 35 | 50 | 66.67 | 1 | 2 |
RMP - Islam | 0 | 0 | 0 | 0 | 0 | | | 0 | 0 |
RMP - Philosophy | 0 | 7 | 0 | 0 | 70 | 68 | 89.14 | 0 | 0 |
RMP - World Mythology | 3 | 0 | 0 | 0 | 45 | 50 | 60.33 | 0 | 1 |
Science - Chemistry | 0 | 1 | 0 | 0 | 10 | 121 | 121.00 | 0 | 0 |
Science - Engineering and Miscellaneous | 0 | 1 | 0 | 0 | 10 | 100 | 100.00 | 0 | 0 |
Science - Physics | 0 | 2 | 0 | 0 | 20 | 53 | 84.50 | 0 | 0 |
Social Science - Economics | 0 | 1 | 0 | 0 | 10 | 85 | 85.00 | 0 | 0 |
Social Science - Linguistics | 0 | 0 | 0 | 0 | 0 | | | 0 | 0 |
Social Science - Psychology | 0 | 3 | 0 | 0 | 30 | 75 | 98.67 | 0 | 0 |